|
|
|
|
| LEADER |
00000caa a2200000 c 4500 |
| 001 |
1647306353 |
| 003 |
DE-627 |
| 005 |
20180731050009.0 |
| 007 |
tu |
| 008 |
160713s2016 xx ||||| 00| ||ger c |
| 035 |
|
|
|a (DE-627)1647306353
|
| 035 |
|
|
|a (DE-576)474008215
|
| 035 |
|
|
|a (DE-599)BSZ474008215
|
| 040 |
|
|
|a DE-627
|b ger
|c DE-627
|e rda
|
| 041 |
|
|
|a ger
|
| 100 |
1 |
|
|a Fiedler, Nora
|e VerfasserIn
|4 aut
|
| 109 |
|
|
|a Fiedler, Nora
|
| 245 |
1 |
0 |
|a Schwere zielgerichtete Gewalttaten an Schulen (Teil 2)
|b erste Folgerungen für mögliche Präventionsansätze
|c Nora Fiedler [und zehn andere]
|
| 264 |
|
1 |
|c 2016
|
| 336 |
|
|
|a Text
|b txt
|2 rdacontent
|
| 337 |
|
|
|a ohne Hilfsmittel zu benutzen
|b n
|2 rdamedia
|
| 338 |
|
|
|a Band
|b nc
|2 rdacarrier
|
| 773 |
0 |
8 |
|i Enthalten in
|t Forum Kriminalprävention
|d Hilden : Verl. Dt. Polizeiliteratur, 2001
|g (2016), 2, Seite 25-26
|w (DE-627)338479147
|w (DE-600)2064180-1
|w (DE-576)096004843
|x 1618-4912
|7 nnas
|
| 773 |
1 |
8 |
|g year:2016
|g number:2
|g pages:25-26
|
| 951 |
|
|
|a AR
|
| ELC |
|
|
|b 1
|
| LOK |
|
|
|0 000 xxxxxcx a22 zn 4500
|
| LOK |
|
|
|0 001 3322410447
|
| LOK |
|
|
|0 003 DE-627
|
| LOK |
|
|
|0 004 1647306353
|
| LOK |
|
|
|0 005 20250728140453
|
| LOK |
|
|
|0 008 170223||||||||||||||||ger|||||||
|
| LOK |
|
|
|0 040
|a DE-21-110
|c DE-627
|d DE-21-110
|
| LOK |
|
|
|0 689
|a s
|a Gewalt
|
| LOK |
|
|
|0 689
|a s
|a Schule
|
| LOK |
|
|
|0 689
|a s
|a Prävention
|
| LOK |
|
|
|0 689
|a s
|a Intervention
|
| LOK |
|
|
|0 689
|a s
|a Programme
|
| LOK |
|
|
|0 689
|a s
|a Vernetzung
|
| LOK |
|
|
|0 852
|a DE-21-110
|
| LOK |
|
|
|0 852 1
|m p
|9 00
|
| LOK |
|
|
|0 935
|a krub
|
| LOK |
|
|
|0 938
|k p
|
| LOK |
|
|
|0 939
|a 23-02-17
|b l01
|
| ORI |
|
|
|a SA-MARC-krimdoka001.raw
|